Normal view MARC view
  • Lomas, Carlos,

Entry Nombre Personal

Number of records used in: 28

001 - NUMERO DE CONTROL

  • campo de control: 29048

003 - IDENTIFICADOR DE NUMERO DE CONTROL

  • campo de control: DLC

005 - FECHA Y HORA DE LA ÜLTIMA TRANSACCIÓN

  • campo de control: 20220329124416.0

008 - DATOS DE LONGITUD FIJA

  • campo de control de longitud fija: 220329n| azannaabn |a aaa c

010 ## - NÚMERO DE CONTROL DE LA BIBLIOTECA DEL CONGRESO

  • Número de control LC: no2001039129

035 ## - NUMERO DE CONTROL

  • Número de control: (OCoLC)oca05488554

040 ## - FUENTE DE CATALOGACIÓN

  • Agencia original de catalogación: VtMiM-Mu
  • Lenguaje de catalogación: spa
  • Description conventions: rda
  • Agencia de transcripción: VtMiM-Mu
  • Agencia que lo modifica: DLC
  • Agencia que lo modifica: NyNyDIG
  • Agencia que lo modifica: MX-MxUPN

046 ## - FECHAS CON CODIFICACIÓN ESPECIAL

  • Fecha de nacimiento: 1956
  • Fuente del formato de fecha: edtf

100 1# - ENCABEZAMIENTO - NOMBRE PERSONAL

  • Nombre personal: Lomas, Carlos,
  • Fechas asociadas con el nombre: 1956-

370 ## - LUGAR ASOCIADO

  • Place of birth: Gijón (España)
  • Associated country: España
  • Fuente del término: naf

375 ## - GÉNERO

  • Gender: masculino
  • Fuente del término: lcdgt

377 ## - LENGUA ASOCIADA

  • Language code: spa

400 1# - VEÁSE - NOMBRE DE PERSONA

  • Personal name: Lomas García, Carlos

400 1# - VEÁSE - NOMBRE DE PERSONA

  • Personal name: García, Carlos Lomas

670 ## - FUENTE EN LA QUE SE LOCALIZARON DATOS

  • Cita de la fuente: El Enfoque comunicativo de la enseñanza de la lengua, 1993:
  • Información localizada: portada (Carlos Lomas) página 29 (also co-authored: Modelos teóricos y enfoques didácticos en la enseñanza de la lengua (1991), and Ciencias del lenguaje, competencia comunicativa y enseña de la lengua (1993))

670 ## - FUENTE EN LA QUE SE LOCALIZARON DATOS

  • Cita de la fuente: La vida en las aulas, c2002:
  • Información localizada: portada (Carlos Lomas) solapa (n. 1956 in Gijón)

670 ## - FUENTE EN LA QUE SE LOCALIZARON DATOS

  • Cita de la fuente: Pedagogía de la palabra, 2018:
  • Información localizada: portada (Carlos Lomas García)